[Event "45th Olympiad 2024"]
[Site "Budapest HUN"]
[Date "2024.09.15"]
[Round "5.2"]
[Board "4"]
[White "Gledura, Benjamin"]
[Black "Onyshchuk, Volodymyr"]
[Result "1/2-1/2"]
[WhiteElo "2628"]
[BlackElo "2610"]
[PlyCount "70"]
[EventDate "2024.09.11"]
[WhiteTeam "Hungary"]
[BlackTeam "Ukraine"]
[WhiteTeamCountry "HUN"]
[BlackTeamCountry "UKR"]

1. e4 c6 2. d4 d5 3. Nc3 dxe4 4. Nxe4 Nf6 5. Nxf6+ exf6 6. c3 Bd6 7. Bd3 O-O 8. Ne2 Re8 9. O-O Na6 10. Qc2 ({RR} 10. Bf4 Nc7 11. Qd2 Be6 12. Rfe1 Nd5 13. Bg3 g6 14. a3 Bxg3 15. hxg3 Qd6 16. c4 Ne7 17. Qc3 Rad8 18. Rad1 Bg4 19. f3 Bf5 20. Be4 h5 21. b4 b6 22. Kf2 Kg7 23. a4 Qc7 24. Nf4 h4 {0-1 Maghsoodloo,P (2676)-Svane,R (2613) Online Olym Div Top-A rapid 2020 (2.1)}) ({RR} 10. Bf4 Nc7 11. Qd2 Nd5 12. Bxd6 Qxd6 13. Rfe1 Bd7 14. Ng3 Qf4 15. Qxf4 Nxf4 16. Bf1 f5 17. Bc4 h5 18. Nf1 h4 19. Nd2 b5 20. Bf1 g5 21. Nb3 Be6 22. Nc5 Bc4 23. Bxc4 bxc4 24. Kf1 Rxe1+ {1-0 Novik,M (2399)-Kushko,D (2445) Titled Tue 16th Jan Late 2024 (6)}) 10... g6 11. Bd2 $146 ({RR} 11. Bf4 Rxe2 12. Qxe2 Bxf4 13. Bxa6 bxa6 14. Rfe1 Be6 15. Qe4 Qd6 16. g3 Bh6 17. a3 Bf8 18. Rad1 Bd5 19. Qe3 Qd7 20. b4 Qh3 21. f3 Qf5 22. Kf2 h5 23. Qd3 Qh3 24. Kg1 a5 25. c4 Be6 {0-1 Kakoschke,D (1840)-Platz,D (1656) GER Cup Net V3 U2000 blitz 2020 (8)}) ({RR} 11. Bh6 f5 12. Qd2 Be6 13. Rfe1 Nc7 14. c4 a5 15. a3 b5 16. Rac1 bxc4 17. Bxc4 Nd5 18. Bg5 Qb8 19. h3 Ra7 20. Bxd5 Bxd5 21. Nf4 Bb3 22. Rxe8+ Qxe8 23. Re1 Qb8 24. Qe3 f6 25. Nxg6 hxg6 {0-1 Kovanova,B (2317)-Charochkina,D (2344) TCh-RUS Rapid w 2022 (3.4)}) 11... Nc7 12. c4 Bd7 13. Rfe1 f5 14. Qb3 b6 15. Bf4 Bxf4 16. Nxf4 Qf6 17. Qc3 Qd6 18. g3 Ne6 19. Nxe6 Bxe6 20. Be2 Rad8 21. Rad1 f4 22. Bf3 fxg3 23. hxg3 c5 24. dxc5 Qxc5 25. Bd5 Bxd5 26. Rxe8+ Rxe8 27. Rxd5 Qe7 28. b4 Qe4 29. a3 h5 30. Qd3 Qe7 31. Rd4 Qf6 32. Kg2 Re1 33. Rd8+ Kg7 34. Qd4 Qxd4 35. Rxd4 Ra1 1/2-1/2

[Event "45th Olympiad 2024"]
[Site "Budapest HUN"]
[Date "2024.09.15"]
[Round "5.3"]
[Board "1"]
[White "Shirov, Alexei"]
[Black "Ding, Liren"]
[Result "1/2-1/2"]
[WhiteElo "2666"]
[BlackElo "2736"]
[PlyCount "87"]
[EventDate "2024.09.11"]
[WhiteTeam "Spain"]
[BlackTeam "China"]
[WhiteTeamCountry "ESP"]
[BlackTeamCountry "CHN"]

1. d4 Nf6 2. c4 e6 3. Nf3 d5 4. g3 Bb4+ 5. Bd2 Be7 6. Bg2 O-O 7. O-O c6 8. Bc3 dxc4 9. a4 b5 10. axb5 cxb5 11. Ne5 Nd5 12. Ba5 Qe8 13. b3 Nc6 14. bxc4 bxc4 15. e4 Nf6 ({RR} 15... Nxa5 16. exd5 Bb4 17. Na3 f6 18. Nc6 Nxc6 19. dxc6 a5 20. Nxc4 Ba6 21. Qc2 Bb5 22. Rfc1 Bxc6 23. Nd6 Qe7 24. Bxc6 Qxd6 25. Bxa8 Rxa8 26. Qe4 Qd5 27. Qxd5 exd5 28. Rc7 a4 29. Rac1 a3 30. Rc8+ {1-0 Cao,Q (2189)-Wu,Y (2326) TCh-CHN DivA Standard 2024 (4.3)}) 16. Nxc6 Qxc6 17. d5 Qd7 $146 ({RR} 17... Qc5 18. Bc3 exd5 19. Bd4 Qb4 20. Nc3 dxe4 21. Nxe4 Rb8 22. Rxa7 Rd8 23. Qa1 Nxe4 24. Bxe4 c3 25. Ra4 Rxd4 26. Rxb4 Rdxb4 27. Qa7 Bf6 28. Bd5 Bh3 29. Qxf7+ Kh8 30. Bg2 Bf5 31. Re1 Rb1 32. Rxb1 {0-1 Muthaiah,A (2458)-Matlakov,M (2677) 29th Abu Dhabi Masters 2023 (4.12)}) ({RR} 17... exd5 18. exd5 Qd6 19. Re1 Bg4 20. Qd4 Bd8 21. Qxc4 Bxa5 22. Rxa5 Rfe8 23. Rxe8+ Rxe8 24. h3 Rc8 25. Qd4 Rc1+ 26. Kh2 Rxb1 27. hxg4 Rb4 28. Qxa7 Nxg4+ 29. Kg1 Rb1+ 30. Bf1 h5 31. Qd4 Qb4 32. Qxb4 {½-½ Seres,L (2458)-Collins,S (2412) Budapest FS10 GM 2008 (1)}) 18. Nc3 Rb8 19. Qd4 exd5 20. exd5 Ba6 21. Rfd1 Bd6 22. Bd8 Rfxd8 23. Rxa6 Rb6 24. Rxb6 axb6 25. Qxc4 Bc5 26. Ne4 Nxe4 27. Bxe4 g6 28. Kg2 Qe7 29. Bf3 Kg7 30. Qc3+ Qf6 31. Qxf6+ Kxf6 32. Be2 Ke7 33. Ra1 Rxd5 34. Ra7+ Rd7 35. Rxd7+ Kxd7 36. Bc4 f6 37. f4 Kc6 38. h4 b5 39. Bg8 h6 40. g4 g5 41. fxg5 fxg5 42. hxg5 hxg5 43. Kf3 b4 44. Ke4 1/2-1/2

[Event "45th Olympiad 2024"]
[Site "Budapest HUN"]
[Date "2024.09.15"]
[Round "5.3"]
[Board "4"]
[White "Bu, Xiangzhi"]
[Black "Santos Latasa, Jaime"]
[Result "1/2-1/2"]
[WhiteElo "2693"]
[BlackElo "2624"]
[PlyCount "62"]
[EventDate "2024.09.11"]
[WhiteTeam "China"]
[BlackTeam "Spain"]
[WhiteTeamCountry "CHN"]
[BlackTeamCountry "ESP"]

1. d4 Nf6 2. c4 e6 3. Nc3 Bb4 4. Nf3 d5 5. Qa4+ Nc6 6. e3 O-O 7. Qc2 Re8 8. Bd2 a6 9. a3 Bd6 10. h3 Bd7 11. Bd3 ({RR} 11. cxd5 exd5 12. Bd3 Na7 13. Qb3 c6 14. Qxb7 Nb5 15. Nxb5 axb5 16. Ne5 Rb8 17. Qa6 Ra8 18. Qb7 Rb8 19. Qa6 Ra8 {½-½ Karjakin,S (2773)-Carlsen,M (2855) Bilbao Masters 9th 2016 (8)}) ({RR} 11. Rd1 h6 12. b4 dxc4 13. Bxc4 e5 14. O-O Qe7 15. Bc1 b5 16. Nd5 Qd8 17. dxe5 Nxe5 18. Nxe5 Rxe5 19. f4 Re8 20. Nxf6+ Qxf6 21. Bd5 Rad8 22. Bb2 Qe7 23. e4 c6 24. Qc3 Qf8 25. Bxf7+ Qxf7 {1-0 Svane,R (2623)-Hong,A (2542) GRENKE Chess Open 2024 (5.7)}) 11... dxc4 12. Bxc4 h6 13. Ne4 $146 ({RR} 13. g4 b5 14. Bd3 e5 15. d5 Ne7 16. g5 hxg5 17. Nxg5 Qc8 18. Rg1 Bf5 19. O-O-O b4 20. axb4 Bxb4 21. e4 Bd7 22. f4 Ng6 23. f5 Nf4 24. Bxf4 exf4 25. Qg2 Bf8 26. Nxf7 Kxf7 27. Qg6+ Kg8 {1-0 Rozman,L (2387)-Ostrovskiy,A (2450) New York Marshall Spring GM 2019 (6)}) ({RR} 13. O-O e5 14. d5 Ne7 15. e4 b5 16. Ba2 Ng6 17. Rfe1 Nh5 18. Be3 Rf8 19. Qd1 Nhf4 20. Rc1 f5 21. exf5 Bxf5 22. Bb1 Bxb1 23. Rxb1 Qd7 24. Bxf4 Rxf4 25. Ne4 Raf8 26. Re3 Qf7 27. Qd3 Rf5 {½-½ Timman,J (2573)-Leko,P (2679) Douglas IoM op 2017 (7)}) 13... e5 14. dxe5 Nxe5 15. Nxd6 cxd6 16. Nxe5 dxe5 17. Qb3 Be6 18. Bxe6 Rxe6 19. Rd1 Rb6 20. Qc2 Qd5 21. O-O Qe6 22. Ba5 Rc6 23. Qd3 Rc5 24. Bb4 Rd5 25. Qb3 Rxd1 26. Qxd1 Nd5 27. Qb3 Rd8 28. Rc1 Nf4 29. Qxe6 Nxe6 30. Kf1 f6 31. Ke2 Kf7 1/2-1/2

[Event "45th Olympiad 2024"]
[Site "Budapest HUN"]
[Date "2024.09.15"]
[Round "5.4"]
[Board "2"]
[White "Wojtaszek, Radoslaw"]
[Black "Nguyen, Ngoc Truong Son"]
[Result "0-1"]
[WhiteElo "2681"]
[BlackElo "2633"]
[PlyCount "94"]
[EventDate "2024.09.11"]
[WhiteTeam "Poland"]
[BlackTeam "Vietnam"]
[WhiteTeamCountry "POL"]
[BlackTeamCountry "VIE"]

1. d4 Nf6 2. c4 e6 3. Nf3 d5 4. Nc3 c5 5. cxd5 Nxd5 6. e4 Nxc3 7. bxc3 cxd4 8. cxd4 Bb4+ 9. Bd2 Bxd2+ 10. Qxd2 O-O 11. Bc4 Nd7 12. O-O b6 13. d5 Nf6 ({RR} 13... Nc5 14. Rfe1 Bb7 15. Rad1 Rc8 16. h4 Qf6 17. Qe3 exd5 18. exd5 a6 19. h5 b5 20. Bf1 h6 21. Rd4 Rfd8 22. Qd2 Rd6 23. Rc1 Qd8 24. Qb4 Na4 25. Rxc8 Bxc8 26. Ne5 Bb7 27. Bc4 Qe7 28. Bb3 {½-½ Giri,A (2764)-Ding,L (2791) Carlsen Inv Prelim rapid 2020 (4.4)}) 14. Qf4 ({RR} 14. dxe6 Bxe6 15. Bxe6 Qxd2 16. Nxd2 fxe6 17. f3 Rfd8 18. Rfd1 Rac8 19. Nb3 Rxd1+ 20. Rxd1 Kf7 21. Kf2 a5 22. Nd4 Ke7 23. Rb1 Nd7 24. Rb2 Rc1 25. h4 h5 26. Kg3 g6 27. Ne2 Ra1 28. Kf4 Kf6 {0-1 Bilan,D (2303)-Shuvalova,P (2439) Titled Tue 9th Apr Early 2024 (9)}) 14... exd5 15. Rad1 Qd7 $146 ({RR} 15... Bb7 16. exd5 Rc8 17. Bb3 Nxd5 18. Qe4 Rc5 19. Rd4 Qa8 20. Nh4 Re8 21. Qd3 Nf6 22. f3 Qc8 23. Rd1 Rc1 24. Rc4 Rxd1+ 25. Qxd1 Qb8 26. Qc1 Bd5 27. Rc7 Bxb3 28. axb3 Nd5 29. Rc4 b5 30. Rc6 {0-1 Dzagnidze,N (2529)-Kosteniuk,A (2554) China Elite Mind Basque (Women) rapid 2016 (3.2)}) ({RR} 15... Bb7 16. exd5 Rc8 17. d6 Bxf3 18. gxf3 Nh5 19. Qg4 Rc5 20. Kh1 Nf6 21. Qf4 Qc8 22. Rg1 Rf5 23. Qh6 g6 24. d7 {1-0 Krishna Teja,N (2340)-Keymer,V (2508) Sitges Sunway op-A 5th 2018 (6)}) 16. exd5 Qg4 17. Qc7 Qh5 18. Ne5 Bh3 19. Rfe1 Rac8 20. Qxa7 Bxg2 21. Kxg2 Ng4 22. Nf3 Rxc4 23. Qe7 Nf6 24. Qe2 Rf4 25. Ng1 Qf5 26. d6 Ne4 27. f3 Nc3 28. Qe7 Nxd1 29. d7 Qg6+ 30. Kf1 Qd3+ 31. Kg2 g6 32. Qxf8+ Kxf8 33. Re8+ Kg7 34. d8=Q Qxd8 35. Rxd8 Nc3 36. Ra8 b5 37. Kf2 Rb4 38. Ke3 Rb2 39. a3 Rxh2 40. Kd3 Rg2 41. Kxc3 Rxg1 42. Ra5 Rf1 43. Rxb5 Rxf3+ 44. Kb4 h5 45. a4 h4 46. a5 h3 47. Rc5 Rf4+ 0-1

[Event "45th Olympiad 2024"]
[Site "Budapest HUN"]
[Date "2024.09.15"]
[Round "5.4"]
[Board "4"]
[White "Gumularz, Szymon"]
[Black "Tran, Tuan Minh"]
[Result "1-0"]
[WhiteElo "2571"]
[BlackElo "2434"]
[PlyCount "61"]
[EventDate "2024.09.11"]
[WhiteTeam "Poland"]
[BlackTeam "Vietnam"]
[WhiteTeamCountry "POL"]
[BlackTeamCountry "VIE"]

1. c4 e5 2. g3 Nf6 3. Bg2 c6 4. Nf3 e4 5. Nd4 Qb6 6. Nb3 a5 7. d3 Bb4+ ({RR} 7... a4 8. N3d2 d5 9. cxd5 exd3 10. O-O cxd5 11. exd3 Nc6 12. Nc3 Qa5 13. Re1+ Be7 14. b4 axb3 15. Bb2 Qd8 16. Nxb3 O-O 17. h3 Be6 18. Nb5 Re8 19. a4 Nd7 20. N3d4 Nxd4 21. Bxd4 Nb8 22. Be5 {½-½ Ding,L (2813)-Caruana,F (2828) PRO League Stage rapid 2019 (7)}) 8. Nc3 a4 9. Be3 ({RR} 9. Nd2 exd3 10. exd3 O-O 11. O-O Qa5 12. Nce4 Nxe4 13. dxe4 Re8 14. Qc2 d6 15. Nf3 Qh5 16. Nd4 Nd7 17. Bf4 Ne5 18. Rad1 Bc5 19. f3 f5 20. exf5 Bxf5 21. Qc3 Bh3 22. Be3 Bxg2 23. Kxg2 Qf7 {1-0 Degerman,L (2422)-Blomqvist,E (2520) Robert Spangbergs Mem 2024 (4.1)}) 9... c5 $146 ({RR} 9... Qa6 10. Nd4 a3 11. Qc2 Qa5 12. Bd2 Qe5 13. bxa3 Rxa3 14. Nb3 exd3 15. Qxd3 O-O 16. O-O Na6 17. f4 Qe7 18. e4 Nc5 19. Qc2 Bxc3 20. Bxc3 Nfxe4 21. Rae1 Nxb3 22. Bxe4 Qc5+ 23. Kh1 Nd4 24. Qb2 {1-0 Damianou,I (1962)-Klerides,P (2173) CYP-ch Larnaca 2019 (1)}) ({RR} 9... Qa6 10. Nd4 a3 11. Qb3 axb2 12. Rb1 Qa5 13. Bd2 exd3 14. exd3 O-O 15. O-O Na6 16. Qxb2 Qh5 17. Ne4 Nxe4 18. Bxb4 Nxb4 19. dxe4 Qe5 20. Rfd1 d6 21. f4 Qf6 22. Qxb4 c5 23. Qd2 Qxd4+ 24. Qxd4 {1-0 Nagy,G (2530)-Baenziger,F (2418) Vienna GM Feb 2022 (6)}) 10. Nd2 a3 11. Rb1 exd3 12. bxa3 Rxa3 13. Nb5 Qa5 14. Nxa3 Qxa3 15. O-O dxe2 16. Qxe2 O-O 17. Ne4 Nxe4 18. Bxe4 Nc6 19. Rb3 Qa4 20. Qc2 h6 21. a3 Ba5 22. Bxc5 d6 23. Be3 Ne5 24. Rc1 Be6 25. Rxb7 Qxa3 26. Bd5 Bxd5 27. cxd5 Nf3+ 28. Kh1 Bd8 29. Kg2 Qa8 30. Qb3 Ne5 31. Ra7 1-0

[Event "45th Olympiad 2024"]
[Site "Budapest HUN"]
[Date "2024.09.15"]
[Round "5.5"]
[Board "1"]
[White "Yilmaz, Mustafa"]
[Black "Carlsen, Magnus"]
[Result "1/2-1/2"]
[WhiteElo "2587"]
[BlackElo "2832"]
[PlyCount "107"]
[EventDate "2024.09.11"]
[WhiteTeam "Turkiye"]
[BlackTeam "Norway"]
[BlackTeamCountry "NOR"]

1. d4 Nf6 2. c4 e6 3. Nf3 d5 4. Nc3 Nbd7 5. cxd5 exd5 6. Bg5 c6 7. e3 Qa5 8. Bd3 Ne4 9. Qc2 Nxg5 10. Nxg5 h6 11. Nf3 Bd6 12. O-O Nf6 ({RR} 12... O-O 13. a3 Qd8 14. b4 a6 15. Rab1 Re8 16. h3 Nf6 17. a4 Qe7 18. b5 axb5 19. axb5 c5 20. dxc5 Bxc5 21. Rfd1 Be6 22. Ne2 Rec8 23. Qb2 Ne4 24. Ra1 Rxa1 25. Rxa1 Bd7 26. Nfd4 Qe5 27. Rc1 {0-1 Sarana,A (2654)-Moranda,W (2605) Titled Tuesday intern op 9th June blitz 2020 (4)}) ({RR} 12... O-O 13. a3 Qd8 14. b4 Qe7 15. Na4 Nf6 16. Nc5 Bg4 17. Rfc1 Bxf3 18. gxf3 b6 19. Nb3 Rac8 20. Bf5 Rc7 21. Kg2 g6 22. Bd3 Nh5 23. h4 Qxh4 24. Rh1 Qg5+ 25. Kf1 Kg7 26. Nc1 c5 27. bxc5 {1-0 Hajiyev,K (2084)-Plasek,Z (1865) Prague Golden Blitz op 17th 2022 (4)}) 13. Rae1 O-O 14. Ne5 a6 $146 ({RR} 14... c5 15. f4 c4 16. Be2 b5 17. a3 Bb7 18. Bf3 Rfe8 19. g4 Re7 20. h4 Rae8 21. g5 hxg5 22. hxg5 Ne4 23. Nxe4 dxe4 24. Bxe4 Bxe4 25. Qxe4 Qd8 26. Rf2 Bxe5 27. fxe5 Re6 28. Rg2 Rg6 29. Qf5 {1-0 Vunder,A (2273)-Egorov,Z St Petersburg White Nights op1 2002 (5)}) ({RR} 14... Qc7 15. f4 Ng4 16. h3 Nf6 17. a3 a5 18. g4 Qe7 19. Qg2 Nd7 20. Kh1 Qh4 21. Re2 Nxe5 22. fxe5 Be7 23. e4 h5 24. exd5 hxg4 25. dxc6 gxh3 26. Qe4 bxc6 27. Rf4 Qh6 28. Re1 Bg5 29. Rff1 {0-1 Hu,Z-Nguyen,H (1701) ASEAN-ch U10 15th 2014 (8)}) 15. f4 c5 16. Qf2 b5 17. Bb1 Bb7 18. g4 Qc7 19. h4 Ne4 20. Nxe4 dxe4 21. g5 f6 22. gxf6 gxf6 23. Qg2+ Qg7 24. dxc5 Bxe5 25. fxe5 fxe5 26. Rxf8+ Rxf8 27. Rd1 b4 28. Rd6 Qxg2+ 29. Kxg2 Rc8 30. Rb6 Bd5 31. Rxb4 Rxc5 32. Bxe4 Bxa2 33. Ra4 Bf7 34. Rxa6 Rb5 35. Rxh6 Rxb2+ 36. Kf3 Rb4 37. Bf5 Kg7 38. Rh7+ Kf6 39. e4 Rb1 40. Rh6+ Kg7 41. Rh7+ Kg8 42. Rh6 Kg7 43. Rd6 Bh5+ 44. Kg3 Rb3+ 45. Kf2 Rf3+ 46. Kg2 Rf4 47. Kg3 Rf3+ 48. Kh2 Rf2+ 49. Kg1 Rf4 50. Rd7+ Kf6 51. Rd6+ Kf7 52. Rd7+ Kf6 53. Rd6+ Kf7 54. Rd7+ 1/2-1/2

[Event "45th Olympiad 2024"]
[Site "Budapest HUN"]
[Date "2024.09.15"]
[Round "5.5"]
[Board "4"]
[White "Urkedal, Frode Olav Olsen"]
[Black "Sanal, Vahap"]
[Result "1-0"]
[WhiteElo "2546"]
[BlackElo "2581"]
[PlyCount "121"]
[EventDate "2024.09.11"]
[WhiteTeam "Norway"]
[BlackTeam "Turkiye"]
[WhiteTeamCountry "NOR"]

1. d4 Nf6 2. c4 e6 3. Nf3 b6 4. g3 Bb7 5. Bg2 Be7 6. Nc3 Ne4 7. Bd2 d6 8. d5 Nxd2 9. Nxd2 ({RR} 9. Qxd2 e5 10. h4 Nd7 11. e4 h5 12. Bh3 g6 13. O-O-O Ba6 14. Qe2 Nc5 15. Kb1 Bc8 16. Bxc8 Qxc8 17. Ne1 Qg4 18. f3 Qd7 19. Nd3 Nxd3 20. Rxd3 f5 21. f4 Bf6 22. exf5 gxf5 23. fxe5 Bxe5 {½-½ Carlsen,M (2853)-Rapport,R (2745) Superbet Rapid 2023 (9.5)}) 9... Nd7 $146 ({RR} 9... e5 10. e4 Nd7 11. b4 h5 12. h4 g6 13. Bh3 Nf6 14. Nf1 Kf8 15. Ne3 Kg7 16. Kf1 Bc8 17. Bxc8 Qxc8 18. Kg2 Ng4 19. Nxg4 hxg4 20. f3 gxf3+ 21. Qxf3 Qd7 22. Rae1 Raf8 23. h5 Bg5 24. b5 {1-0 Reshevsky,S-Hecht,H London Guardian Royal Exchange Masters 1973 (1)}) ({RR} 9... Bf6 10. Rc1 Nd7 11. O-O Bxc3 12. Rxc3 e5 13. f4 O-O 14. e4 a5 15. Nf3 Re8 16. Re1 Bc8 17. Qd2 a4 18. h3 Nc5 19. f5 Bd7 20. Bf1 c6 21. b4 axb3 22. axb3 cxd5 23. cxd5 b5 24. b4 {½-½ Vukic,M (2480)-Ivkov,B (2515) YUG-ch33 Belgrade 1978 (2)}) 10. f4 e5 11. f5 a6 12. Nde4 Nf6 13. O-O Bc8 14. b4 a5 15. b5 Bd7 16. Qd2 Qc8 17. Nxf6+ Bxf6 18. Ne4 Qd8 19. a4 h6 20. Ra3 Qe7 21. c5 bxc5 22. Nxc5 e4 23. Nxe4 Be5 24. Raf3 Qd8 25. f6 g6 26. Nf2 Qb8 27. Nd3 Bd4+ 28. Kh1 Qa7 29. Nb2 Bc5 30. Nc4 Kf8 31. Rf4 Bb4 32. Qd3 Re8 33. Re4 Qb8 34. Rff4 Rxe4 35. Qxe4 Qd8 36. Qd4 Bf5 37. Be4 Bd7 38. Bf3 Bf5 39. Be4 Bd7 40. Bc2 Bc5 41. Qc3 Bb4 42. Qf3 h5 43. h4 Bg4 44. Qe3 Bc5 45. Qe4 Bb4 46. Qe3 Bc5 47. Qd3 Bb4 48. Ne3 Bc8 49. Nd1 Bf5 50. Qc4 Bd2 51. e3 Bg4 52. Qd4 Bb4 53. Nf2 Bc8 54. Ne4 Bf5 55. Bd3 Qe8 56. Qa7 Qd8 57. Qd4 Qe8 58. Kh2 Kg8 59. Qc4 Qe5 60. Qxc7 Bxe4 61. Bxe4 1-0

[Event "45th Olympiad 2024"]
[Site "Budapest HUN"]
[Date "2024.09.15"]
[Round "5.6"]
[Board "1"]
[White "Maghsoodloo, Parham"]
[Black "Rodrigue-Lemieux, Shawn"]
[Result "1-0"]
[WhiteElo "2723"]
[BlackElo "2509"]
[PlyCount "79"]
[EventDate "2024.09.11"]
[WhiteTeam "Iran"]
[BlackTeam "Canada"]
[WhiteTeamCountry "IRI"]
[BlackTeamCountry "CAN"]

1. c4 Nf6 2. Nc3 e6 3. e4 d5 4. cxd5 exd5 5. e5 d4 6. exf6 dxc3 7. fxg7 cxd2+ 8. Bxd2 Bxg7 9. Bc4 O-O 10. Ne2 Nc6 11. O-O Bf5 $146 ({RR} 11... Ne5 12. Bb3 c5 13. Ng3 c4 14. Bc2 Bg4 15. f3 Be6 16. Nh5 Bh8 17. Qe1 Ng6 18. Bc3 Qg5 19. Bxh8 Nxh8 20. Ng3 Ng6 21. Qc3 Nf4 22. Kh1 Rfd8 23. Rae1 Nd5 24. Qxc4 Ne3 25. Qe4 Nxc2 26. Qxc2 {½-½ Aczel,G (2498)-Nielsen,V (2364) OBRO CXU Int. 2024 (9.6)}) ({RR} 11... Ne5 12. Bb3 Bd7 13. Bc3 Bc6 14. Nd4 Be4 15. Bc2 Bxc2 16. Qxc2 Ng6 17. Nf5 Bxc3 18. Qxc3 f6 19. Rad1 Qe8 20. Rfe1 Qc6 21. Qxc6 bxc6 22. Rd7 Rae8 23. Rxe8 Rxe8 24. g3 Re5 25. Nh6+ Kf8 26. Rxc7 {1-0 Bazeev,G (2369)-Ismailov,M (1584) Chigorin Mem Blitz 2023 (1.6)}) 12. Qc1 Ne5 13. Bg5 Qd6 14. Ng3 Bg6 15. Rd1 Qb6 16. Be3 Qc6 17. Be2 Qxc1 18. Raxc1 Nc6 19. h4 h6 20. h5 Bh7 21. b4 a6 22. a4 Rfd8 23. Rxd8+ Rxd8 24. Bxa6 Bb2 25. Rc5 Rd1+ 26. Kh2 Nxb4 27. Bxb7 Ra1 28. Rxc7 Kg7 29. Rc4 Nd3 30. Rg4+ Kh8 31. Rc4 Ne5 32. Rh4 Kg7 33. Bc8 Bc2 34. Nf5+ Kh7 35. Nxh6 Bxa4 36. Bf5+ Kg7 37. Rh3 Kf6 38. Rg3 Bc1 39. f4 Nc6 40. Rg5 1-0

[Event "45th Olympiad 2024"]
[Site "Budapest HUN"]
[Date "2024.09.15"]
[Round "5.6"]
[Board "3"]
[White "Daneshvar, Bardiya"]
[Black "Thavandiran, Shiyam"]
[Result "1-0"]
[WhiteElo "2598"]
[BlackElo "2388"]
[PlyCount "111"]
[EventDate "2024.09.11"]
[WhiteTeam "Iran"]
[BlackTeam "Canada"]
[WhiteTeamCountry "IRI"]
[BlackTeamCountry "CAN"]

1. g3 e5 2. c4 Nf6 3. Bg2 h6 4. Nf3 e4 5. Nd4 Nc6 6. Nc2 d5 7. cxd5 Qxd5 8. Nc3 Qe5 ({RR} 8... Qe6 9. O-O Bd6 10. d3 exd3 11. exd3 O-O 12. d4 Qg4 13. Nb5 Qxd1 14. Rxd1 Bg4 15. f3 Be6 16. Nxd6 cxd6 17. Ne3 Nd5 18. f4 Ncb4 19. Nxd5 Bxd5 20. Bd2 Bxg2 21. Bxb4 Bd5 22. Bxd6 Rfe8 23. Kf2 {½-½ Mamedyarov,S (2764)-Inarkiev,E (2730) TUR-chT Izmir 2016 (4.1)}) 9. O-O ({RR} 9. d4 exd3 10. Qxd3 Bf5 11. Qe3 Qxe3 12. Nxe3 Be6 13. O-O O-O-O 14. b3 Bb4 15. Bb2 Rd2 16. Na4 Nd4 17. Bxd4 Rxd4 18. Nc2 Rhd8 19. e3 Rg4 20. h3 Bf5 21. hxg4 Bxc2 22. Rac1 Rd2 23. Nb2 b5 {1-0 Hong,A (2550)-Nihal,S (2669) Titled Tue 11th Jun Late 2024 (5)}) 9... Bf5 10. Ne3 $146 ({RR} 10. b4 O-O-O 11. Rb1 Qe6 12. b5 Ne5 13. Ne3 Bg6 14. Bb2 Kb8 15. Qc1 h5 16. Na4 h4 17. Nc5 Bxc5 18. Qxc5 Rh5 19. Bxe5 Qxe5 20. Qxe5 Rxe5 21. Rb2 Nd5 22. Nc4 Re7 23. f3 hxg3 24. hxg3 f6 {½-½ Schekachikhin,M (2406)-Kryakvin,D (2594) Cheliabinsk Panchenko Memorial op-A 2020 (3)}) ({RR} 10. d4 exd3 11. exd3 O-O-O 12. Bf4 Qa5 13. d4 Bxc2 14. Qxc2 Nxd4 15. Qb1 Bb4 16. a3 Bd6 17. Be3 Ne6 18. Ne4 Nxe4 19. Qxe4 c6 20. b4 Qe5 21. Qf3 Qf6 22. Qe2 Be5 23. Rac1 Bd4 24. b5 c5 {½-½ Petrov,N (2562)-Kryakvin,D (2574) Tuapse Blitz op 2021 (4)}) 10... Bg6 11. Qa4 O-O-O 12. d3 Bc5 13. dxe4 Rhe8 14. Nf5 Nxe4 15. Bxe4 Bxf5 16. Bxc6 bxc6 17. Qxc6 g5 18. Qa8+ Kd7 19. Qf3 Kc8 20. Be3 Bxe3 21. fxe3 Be4 22. Nxe4 Qxe4 23. Qxe4 Rxe4 24. Rxf7 Rc4 25. Kf2 Rd2 26. b3 Rcc2 27. Re1 Rxa2 28. Kf3 Kb8 29. e4 Rab2 30. e5 Rxb3+ 31. Ke4 Rb6 32. e3 Rb4+ 33. Kf5 Rb5 34. Re7 a5 35. Rc1 Re2 36. e4 a4 37. Rexc7 Rf2+ 38. Ke6 a3 39. Rc8+ Kb7 40. R1c7+ Kb6 41. Rb8+ Kxc7 42. Rxb5 a2 43. Ra5 Rxh2 44. Ra7+ Kb6 45. Ra8 h5 46. Kf5 Kb7 47. Ra4 h4 48. e6 hxg3 49. e7 Rh8 50. Rxa2 Kc7 51. Kf6 Rh6+ 52. Kg7 Re6 53. Kf7 Rxe4 54. e8=Q Rxe8 55. Kxe8 Kd6 56. Ra5 1-0

[Event "45th Olympiad 2024"]
[Site "Budapest HUN"]
[Date "2024.09.15"]
[Round "5.7"]
[Board "1"]
[White "Peralta, Fernando"]
[Black "Caruana, Fabiano"]
[Result "0-1"]
[WhiteElo "2558"]
[BlackElo "2798"]
[PlyCount "60"]
[EventDate "2024.09.11"]
[WhiteTeam "Argentina"]
[BlackTeam "United States of America"]
[WhiteTeamCountry "ARG"]

1. d4 Nf6 2. c4 e6 3. Nc3 Bb4 4. e3 b6 5. Nge2 Ne4 6. Qc2 Bb7 7. h4 O-O 8. a3 Bxc3+ 9. Nxc3 Nxc3 10. Qxc3 d5 $146 ({RR} 10... d6 11. b4 Nd7 12. Bb2 a5 13. f3 Qe7 14. c5 axb4 15. axb4 Rxa1+ 16. Bxa1 Ra8 17. Bb2 bxc5 18. dxc5 Nf6 19. c6 Bc8 20. Kf2 e5 21. e4 Be6 22. Be2 Nh5 23. g3 Rf8 24. Qe3 f5 25. exf5 {0-1 Putrenko,K (2372)-Postny,E (2600) 2nd Paphos Int Open 2024 (5.3)}) ({RR} 10... d6 11. b3 Nd7 12. Bb2 e5 13. O-O-O Qe7 14. f3 a5 15. Kb1 Rfe8 16. Bd3 exd4 17. exd4 d5 18. c5 Qf6 19. Qc2 Nf8 20. g4 Qxf3 21. Rde1 bxc5 22. Ref1 Qxg4 23. dxc5 d4 24. c6 Ba6 25. Rhg1 {0-1 Ismagilov,D (2174)-Bharath,S (2566) Abu Dhabi Masters Online 2024 (5)}) 11. b3 Nd7 12. Bb2 f5 13. f3 Qe7 14. O-O-O c5 15. h5 h6 16. Kb1 Rac8 17. dxc5 Rxc5 18. Qd4 e5 19. Qh4 Nf6 20. Qg3 dxc4 21. Bxc4+ Bd5 22. Rc1 Bxc4 23. Rxc4 Rxc4 24. bxc4 Re8 25. Qg6 Qd7 26. Ka1 Nh7 27. Rc1 Nf8 28. Qg3 Qd2 29. c5 bxc5 30. Rxc5 f4 0-1

[Event "45th Olympiad 2024"]
[Site "Budapest HUN"]
[Date "2024.09.15"]
[Round "5.7"]
[Board "4"]
[White "Aronian, Levon"]
[Black "Sosa, Tomas ARG"]
[Result "1-0"]
[WhiteElo "2729"]
[BlackElo "2515"]
[PlyCount "135"]
[EventDate "2024.09.11"]
[WhiteTeam "United States of America"]
[BlackTeam "Argentina"]
[BlackTeamCountry "ARG"]

1. e4 e5 2. Nf3 Nc6 3. Bc4 d6 4. d4 Nf6 5. dxe5 dxe5 6. Qxd8+ Nxd8 7. Nc3 Bd6 8. Bg5 c6 9. a4 $146 ({RR} 9. O-O-O Bc7 10. Bxf6 gxf6 11. Nh4 Rg8 12. f3 Be6 13. Bd3 b5 14. g4 h5 15. h3 Nb7 16. Nf5 Nc5 17. Kb1 b4 18. Ne2 a5 19. Neg3 hxg4 20. hxg4 a4 21. Ng7+ Kf8 22. Nxe6+ fxe6 23. Rh7 Bd8 {1-0 Kairbekova,A (2235)-Batsiashvili,N (2451) World Rapid Women 2023 (1.26)}) ({RR} 9. O-O-O Bc7 10. Bh4 b5 11. Bb3 Nb7 12. Bg3 Nd7 13. Ne2 Nbc5 14. Ned4 f6 15. Nxc6 Nxb3+ 16. axb3 Bb7 17. Ncd4 Rc8 18. Nxb5 Bxe4 19. Rhe1 Bg6 20. Nh4 Bb8 21. Nxg6 hxg6 22. f4 Ke7 23. Nd4 Kf7 {1-0 Aronian,L (2782)-Artemiev,V (2699) Meltwater Tour Final rapid 2021 (2.4)}) ({RR} 9. O-O-O Bc7 10. a3 O-O 11. h4 Ng4 12. Be7 Re8 13. Bxd8 Bxd8 14. Ng5 Bxg5+ 15. hxg5 Nxf2 16. Rdf1 Nxh1 17. Bxf7+ Kf8 18. Bxe8+ Kxe8 19. Rxh1 Be6 20. g6 h6 21. Rh5 Ke7 22. Rxe5 Kf6 23. Rh5 Kxg6 {0-1 Wickramasinghe,N (1911)-Hechl,G (2237) 43rd St Veit Open 2024 (5.12)}) 9... Ne6 10. O-O-O Bc7 11. Bh4 Nh5 12. Ne2 f6 13. Nd2 Nc5 14. f3 g5 15. Bf2 Nxa4 16. g4 Nf4 17. Nxf4 gxf4 18. Bb3 Nb6 19. Bh4 Rf8 20. g5 fxg5 21. Bxg5 Nd7 22. Nc4 Nc5 23. Nd6+ Bxd6 24. Rxd6 Nxb3+ 25. cxb3 Kf7 26. Rh6 Rg8 27. h4 Rg6 28. Rxh7+ Rg7 29. Rh8 Rg8 30. Rxg8 Kxg8 31. Bf6 Be6 32. Rg1+ Kh7 33. Rg7+ Kh6 34. Rxb7 Rg8 35. Bxe5 Rg1+ 36. Kd2 Rg2+ 37. Ke1 Rc2 38. Bxf4+ Kh5 39. Rh7+ Kg6 40. Rh6+ Kf7 41. Be5 Bxb3 42. h5 Rc5 43. Bd4 Rc2 44. Rf6+ Kg8 45. h6 Kh7 46. Rd6 c5 47. Be3 Rh2 48. Rd7+ Kg6 49. Rg7+ Kf6 50. Rxa7 Bc4 51. h7 Bf7 52. Ra6+ Kg7 53. Rh6 Rxh6 54. Bxh6+ Kxh7 55. Be3 c4 56. Kf2 Bh5 57. Kg3 Kg7 58. f4 Kf6 59. Bd4+ Ke6 60. f5+ Kd6 61. Kf4 Bd1 62. Bc3 Bc2 63. e5+ Kd5 64. Kg5 Bd1 65. e6 Kd6 66. Kf6 Bg4 67. Bb4+ Kc6 68. Ke5 1-0